000 00650nam a2200229Ia 4500
003 OSt
005 20220924131445.0
006 a|||||r|||| 00| 0
007 ta
008 220923b |||||||| |||| 00| 0 hin d
024 _a248062
037 _cTextual
040 _aARTS
_cARTS
_bhin
041 _2hin
_ahin
082 _aO15,3D60,2:g, 152K4
100 _aPathaka Jagannath
_9202032
245 0 _aHarsa-charita of banabhatta
260 _aVaranasi
_bChowkhamba Vidyabhawan India
_c1964
650 _aSANSKRIT LITERATURE
942 _hO15,3D60,2:g, 152K4
_cTEXL
_2CC
999 _c427198
_d427198